[Event "17. Europa ch Juvenil - Masculino s16"]
[Site "Sibenik CRO"]
[Date "2007.09.19"]
[Round "6.1"]
[White "Lomsadze, Davit"]
[Black "Rasulov, Vugar"]
[Result "0-1"]
[WhiteElo "2305"]
[BlackElo "2297"]
[PlyCount "122"]
[EventDate "2007.09.14"]
[EventType "swiss"]
[EventRounds "9"]
[EventCountry "CRO"]
[Source "lmi"]
[SourceDate "2007.09.14"]

1. e4 c5 2. Nc3 Nc6 3. f4 g6 4. Nf3 Bg7 5. Bb5 Nd4 6. O-O e6 7. Nxd4 cxd4 8.
Ne2 a6 9. Bd3 d6 10. c3 dxc3 11. dxc3 Ne7 12. Ng3 h5 13. Be3 d5 14. Qb3 Bd7 15.
Bb6 Qc8 16. f5 h4 17. exd5 hxg3 18. dxe6 Bc6 19. Rae1 gxh2+ 20. Kh1 f6 21. fxg6
Rh4 22. Qc2 Rg4 23. Rf2 Bd5 24. Qe2 Rg5 25. Bd4 Qc7 26. c4 Bc6 27. Be4 O-O-O
28. Bxc6 Rxd4 29. Bf3 Re5 30. Qf1 Rxe1 31. Qxe1 Rxc4 32. Rd2 Rc1 33. Rd1 Rxd1
34. Qxd1 Nxg6 35. Qa4 Ne5 36. Qe8+ Qd8 37. Bxb7+ Kc7 38. Qxd8+ Kxd8 39. Bxa6
Ng4 40. e7+ Kxe7 41. Bc8 Nf2+ 42. Kxh2 Nd3 43. a4 Nxb2 44. a5 Kd8 45. Be6 Kc7
46. Kh3 Kc6 47. Kg4 Bh6 48. Kf5 Bg5 49. Ke4 Kb5 50. g4 Kxa5 51. Kf3 Kb4 52. Bc8
Kc3 53. Ba6 Kd4 54. Bb7 Nc4 55. Bc8 Ne5+ 56. Kg3 Ke3 57. Bb7 Nc4 58. Bc8 Nd6
59. Bd7 Ne4+ 60. Kh3 Kf2 61. Bc6 Nc3 0-1

[Event "17. Europa ch Juvenil - Masculino s16"]
[Site "Sibenik CRO"]
[Date "2007.09.19"]
[Round "6.2"]
[White "Feller, Sebastien"]
[Black "Lavrik, Dmitry"]
[Result "1-0"]
[WhiteElo "2476"]
[BlackElo "2371"]
[PlyCount "141"]
[EventDate "2007.09.14"]
[EventType "swiss"]
[EventRounds "9"]
[EventCountry "CRO"]
[Source "lmi"]
[SourceDate "2007.09.14"]

1. d4 Nf6 2. c4 c5 3. Nf3 cxd4 4. Nxd4 e5 5. Nb5 d5 6. cxd5 Bc5 7. N5c3 O-O 8.
h3 Bf5 9. e3 Bg6 10. a3 e4 11. b4 Bd6 12. Bb2 a6 13. Nd2 b5 14. g4 Re8 15. Qb3
Nbd7 16. Be2 Rc8 17. g5 Nh5 18. Rg1 Nf4 19. exf4 e3 20. fxe3 Rxe3 21. Nf1 Rxh3
22. Rg3 Rxg3 23. Nxg3 Bxf4 24. Nce4 Bxg3+ 25. Nxg3 Qxg5 26. Bd4 Re8 27. Qf3 h5
28. Nf1 Ne5 29. Bxe5 Qxe5 30. Rd1 h4 31. Kf2 Be4 32. Qg4 Bxd5 33. Bf3 Bxf3 34.
Qxf3 Re6 35. Rd8+ Kh7 36. Rd5 Qc7 37. Rh5+ Rh6 38. Qe4+ g6 39. Rxh6+ Kxh6 40.
Qxh4+ Kg7 41. Qd4+ f6 42. Ne3 Qh2+ 43. Ke1 Qh1+ 44. Kd2 Qc6 45. Qd5 Qb6 46. Kd3
Qc7 47. Qe6 f5 48. Qxa6 f4 49. Qf6+ Kh7 50. Nc2 Qc4+ 51. Kd2 Qd5+ 52. Kc3 g5
53. Nd4 Qc4+ 54. Kd2 Qa2+ 55. Ke1 Qxa3 56. Qf7+ Kh8 57. Qh5+ Kg8 58. Qxg5+ Kh8
59. Qd8+ Kh7 60. Qd7+ Kh6 61. Qd6+ Kh7 62. Ne2 f3 63. Nf4 Qe3+ 64. Kf1 Kg7 65.
Qg6+ Kf8 66. Qf6+ Ke8 67. Qe6+ Qxe6 68. Nxe6 Kd7 69. Nd4 Kd6 70. Nxb5+ Kd5 71.
Nc3+ 1-0

[Event "17. Europa ch Juvenil - Masculino s16"]
[Site "Sibenik CRO"]
[Date "2007.09.19"]
[Round "6.3"]
[White "Bregadze, Levan"]
[Black "Lehmann, Marco"]
[Result "1-0"]
[WhiteElo "2324"]
[BlackElo "2279"]
[PlyCount "67"]
[EventDate "2007.09.14"]
[EventType "swiss"]
[EventRounds "9"]
[EventCountry "CRO"]
[Source "lmi"]
[SourceDate "2007.09.14"]

1. d4 Nf6 2. c4 g6 3. Nc3 Bg7 4. e4 d6 5. Nf3 O-O 6. h3 e5 7. d5 Na6 8. Bg5 h6
9. Be3 Nc5 10. Nd2 a5 11. Be2 Bd7 12. g4 c6 13. h4 a4 14. g5 hxg5 15. hxg5 Nh7
16. Rg1 Qa5 17. Qc2 a3 18. Rb1 axb2 19. Rxb2 Rfb8 20. Nb3 Nxb3 21. Rxb3 Qd8 22.
Qd2 Bf8 23. Bb6 Qc8 24. c5 dxc5 25. Bc4 Be7 26. f3 Bh3 27. f4 Bd8 28. f5 Bxb6
29. fxg6 fxg6 30. Rxb6 Kg7 31. Qh2 Qc7 32. Qxh3 Nxg5 33. Rxg5 Qxb6 34. Qe6 1-0

[Event "17. Europa ch Juvenil - Masculino s16"]
[Site "Sibenik CRO"]
[Date "2007.09.19"]
[Round "6.4"]
[White "Goganov, Aleksey"]
[Black "Yilmaz, Mustafa"]
[Result "1-0"]
[WhiteElo "2309"]
[BlackElo "2204"]
[PlyCount "65"]
[EventDate "2007.09.14"]
[EventType "swiss"]
[EventRounds "9"]
[EventCountry "CRO"]
[Source "lmi"]
[SourceDate "2007.09.14"]

1. d4 d5 2. c4 e6 3. Nc3 Nf6 4. Bg5 Be7 5. e3 O-O 6. Nf3 h6 7. Bh4 b6 8. Bd3
Bb7 9. O-O Nbd7 10. Qe2 c5 11. Bg3 Ne4 12. Rac1 a6 13. a4 Qe8 14. Qc2 Nxg3 15.
hxg3 dxc4 16. Bxc4 Nf6 17. Rfd1 Bxf3 18. gxf3 cxd4 19. exd4 Bb4 20. Ne4 Nxe4
21. fxe4 Qe7 22. Qe2 a5 23. e5 Kh8 24. Qe4 f5 25. exf6 Qxf6 26. Rc2 Rae8 27.
Re2 Qf5 28. Bxe6 Qh5 29. Kg2 Rxf2+ 30. Kxf2 Qh2+ 31. Qg2 Rf8+ 32. Ke3 Qh5 33.
Qe4 1-0

[Event "17. Europa ch Juvenil - Masculino s16"]
[Site "Sibenik CRO"]
[Date "2007.09.19"]
[Round "6.5"]
[White "Pavlidis, Anastasios"]
[Black "Saatdjian, Thomas"]
[Result "1/2-1/2"]
[WhiteElo "2182"]
[BlackElo "2284"]
[PlyCount "126"]
[EventDate "2007.09.14"]
[EventType "swiss"]
[EventRounds "9"]
[EventCountry "CRO"]
[Source "lmi"]
[SourceDate "2007.09.14"]

1. d4 Nf6 2. c4 c5 3. d5 e5 4. Nc3 d6 5. e4 Be7 6. Bd3 Nbd7 7. Nge2 g6 8. O-O
O-O 9. g3 Nh5 10. Bh6 Ng7 11. f4 Nf6 12. f5 Ng4 13. Bd2 h5 14. h3 Nf6 15. Kg2
Nh7 16. g4 Bg5 17. Rh1 a6 18. Ng1 Bxd2 19. Qxd2 Qg5 20. Qxg5 Nxg5 21. f6 Ne8
22. h4 Nh7 23. g5 Nc7 24. a3 a5 25. Nf3 Bd7 26. Rab1 Rfb8 27. Rhc1 Nf8 28. b4
axb4 29. axb4 Na6 30. bxc5 Nxc5 31. Be2 Ra6 32. Ne1 Ba4 33. Bd1 Bxd1 34. Rxd1
Ra3 35. Nb5 Ra6 36. Kf3 Nfd7 37. Nc2 Rb6 38. Ra1 Na6 39. Rdb1 Rc8 40. Nba3 Nac5
41. Rxb6 Nxb6 42. Rb1 Nba4 43. Nb5 Rd8 44. Ne1 Nb6 45. Rc1 Nb3 46. Rc3 Nd2+ 47.
Ke3 Ndxc4+ 48. Ke2 Ra8 49. Kd3 Ra4 50. Nf3 Rb4 51. Na3 Nxa3 52. Rxa3 Na4 53.
Nd2 b5 54. Kc2 Kf8 55. Rb3 Rxb3 56. Kxb3 Ke8 57. Kb4 Kd7 58. Kxb5 Nb2 59. Kb6
Nd1 60. Kb7 Ne3 61. Kb6 Ng2 62. Nf3 Ne3 63. Nd2 Ng2 1/2-1/2

[Event "17. Europa ch Juvenil - Masculino s16"]
[Site "Sibenik CRO"]
[Date "2007.09.19"]
[Round "6.6"]
[White "Jorczik, Julian"]
[Black "Salgado Lopez, Ivan"]
[Result "0-1"]
[WhiteElo "2333"]
[BlackElo "2456"]
[PlyCount "72"]
[EventDate "2007.09.14"]
[EventType "swiss"]
[EventRounds "9"]
[EventCountry "CRO"]
[Source "lmi"]
[SourceDate "2007.09.14"]

1. d4 e6 2. c4 Nf6 3. Nf3 d5 4. e3 c6 5. Nbd2 Nbd7 6. Bd3 Bd6 7. O-O O-O 8. e4
dxe4 9. Nxe4 Nxe4 10. Bxe4 h6 11. Bc2 c5 12. Qe2 cxd4 13. Nxd4 Bxh2+ 14. Kxh2
Qh4+ 15. Kg1 Qxd4 16. Be3 Qh4 17. Rad1 f5 18. Bd4 Nf6 19. f3 Nh5 20. Qe5 Rf6
21. Qb5 Rg6 22. Be5 Qe7 23. Ba4 Kh7 24. Rf2 Nf6 25. Rfd2 b6 26. Bd6 Qf7 27. Be5
Bb7 28. Rd7 Nxd7 29. Rxd7 Qe8 30. Rxb7 Qd8 31. Qc6 Rc8 32. Qd6 Qg5 33. g3 Rxc4
34. Bb3 Qe3+ 35. Kg2 Qe2+ 36. Kh3 Rh4+ 0-1

[Event "17. Europa ch Juvenil - Masculino s16"]
[Site "Sibenik CRO"]
[Date "2007.09.19"]
[Round "6.7"]
[White "Alonso Rosell, Alvar"]
[Black "Durarbeyli, Vasif"]
[Result "1-0"]
[WhiteElo "2285"]
[BlackElo "2417"]
[PlyCount "61"]
[EventDate "2007.09.14"]
[EventType "swiss"]
[EventRounds "9"]
[EventCountry "CRO"]
[Source "lmi"]
[SourceDate "2007.09.14"]

1. d4 Nf6 2. c4 c5 3. d5 e5 4. Nc3 d6 5. e4 Nbd7 6. Bd3 Be7 7. h3 O-O 8. g4 Ne8
9. Nf3 a6 10. a4 g6 11. Bh6 Ng7 12. Rg1 Nf6 13. a5 Kh8 14. Bd2 Rb8 15. Na4 Bd7
16. Bc3 Ng8 17. Qd2 f5 18. gxf5 gxf5 19. Nxc5 fxe4 20. Nxe5 dxe5 21. Nxe4 Qc7
22. f4 Bh4+ 23. Kd1 Rbe8 24. fxe5 Bf5 25. e6 Bg6 26. Ng5 Qc5 27. Rg2 Bxd3 28.
Nf7+ Rxf7 29. exf7 Re1+ 30. Qxe1 Nf6 31. Qe8+ 1-0

[Event "17. Europa ch Juvenil - Masculino s16"]
[Site "Sibenik CRO"]
[Date "2007.09.19"]
[Round "6.8"]
[White "Georgescu, Tiberiu"]
[Black "Narmontas, Matas"]
[Result "0-1"]
[WhiteElo "2385"]
[BlackElo "2327"]
[PlyCount "30"]
[EventDate "2007.09.14"]
[EventType "swiss"]
[EventRounds "9"]
[EventCountry "CRO"]
[Source "lmi"]
[SourceDate "2007.09.14"]

1. d4 g6 2. e4 Bg7 3. g3 c6 4. Bg2 d5 5. e5 h5 6. Ne2 Nh6 7. h3 Bf5 8. Be3 Na6
9. f3 Qb6 10. Qc1 Nb4 11. Na3 Bxc2 12. O-O Bd3 13. Qd2 Nf5 14. Bf2 Bxe2 15.
Qxe2 Nxd4 0-1

[Event "17. Europa ch Juvenil - Masculino s16"]
[Site "Sibenik CRO"]
[Date "2007.09.19"]
[Round "6.9"]
[White "Roganovic, Milos"]
[Black "Kosov, Ivan"]
[Result "1-0"]
[WhiteElo "2329"]
[BlackElo "2379"]
[PlyCount "81"]
[EventDate "2007.09.14"]
[EventType "swiss"]
[EventRounds "9"]
[EventCountry "CRO"]
[Source "lmi"]
[SourceDate "2007.09.14"]

1. e4 c5 2. Nf3 Nf6 3. e5 Nd5 4. Nc3 Nxc3 5. dxc3 Nc6 6. Bf4 h6 7. h4 e6 8. Qd3
Qc7 9. O-O-O b6 10. Nd2 Ne7 11. Ne4 Nd5 12. Bh2 Bb7 13. g4 b5 14. Bg2 c4 15.
Qe2 Qa5 16. Kb1 Rc8 17. f4 Rc6 18. Nd6+ Bxd6 19. Bxd5 exd5 20. exd6+ Kd8 21.
Rhe1 Ra6 22. a3 Kc8 23. f5 Qd8 24. Bg3 Rb6 25. Qf2 Bc6 26. Re7 Rf8 27. Qd4 g6
28. Qg7 gxf5 29. gxf5 a5 30. Bf2 Rb8 31. Rxf7 Rxf7 32. Qxf7 b4 33. Re1 Kb7 34.
axb4 axb4 35. cxb4 Qh8 36. f6 Rf8 37. Qg7 d4 38. Bxd4 Qxg7 39. fxg7 Rg8 40. Rf1
Ka6 41. Rf5 1-0

[Event "17. Europa ch Juvenil - Masculino s16"]
[Site "Sibenik CRO"]
[Date "2007.09.19"]
[Round "6.10"]
[White "Martinovic, Sasa"]
[Black "Golichenko, Ilija"]
[Result "1/2-1/2"]
[WhiteElo "2371"]
[BlackElo "2306"]
[PlyCount "45"]
[EventDate "2007.09.14"]
[EventType "swiss"]
[EventRounds "9"]
[EventCountry "CRO"]
[Source "lmi"]
[SourceDate "2007.09.14"]

1. d4 Nf6 2. c4 e6 3. Nc3 Bb4 4. g3 d5 5. Bg2 O-O 6. Nf3 dxc4 7. O-O Nd5 8. Qc2
c5 9. Nxd5 exd5 10. a3 Ba5 11. dxc5 h6 12. Rd1 Na6 13. e4 Nxc5 14. Rxd5 Qe7 15.
Qxc4 Bb6 16. b4 Nxe4 17. Re5 Nd6 18. Qe2 Be6 19. Bb2 Rac8 20. Bd4 Nc4 21. Re4
Nd6 22. Re5 Nc4 23. Re4 1/2-1/2

[Event "17. Europa ch Juvenil - Masculino s16"]
[Site "Sibenik CRO"]
[Date "2007.09.19"]
[Round "6.11"]
[White "Baron, Tal"]
[Black "Onischuk, Vladimir"]
[Result "0-1"]
[WhiteElo "2232"]
[BlackElo "2506"]
[PlyCount "104"]
[EventDate "2007.09.14"]
[EventType "swiss"]
[EventRounds "9"]
[EventCountry "CRO"]
[Source "lmi"]
[SourceDate "2007.09.14"]

1. e4 g6 2. d4 Bg7 3. Nc3 c6 4. Nf3 d6 5. Be3 Nf6 6. Qd2 O-O 7. Bh6 Bg4 8.
O-O-O b5 9. Bxg7 Kxg7 10. h3 Bxf3 11. gxf3 Qa5 12. Kb1 Nbd7 13. h4 b4 14. Ne2
h5 15. Qg5 Qxg5 16. hxg5 Nh7 17. f4 d5 18. f3 e6 19. Bh3 Nb6 20. Rhg1 Rfe8 21.
Nc1 Nc4 22. Nd3 a5 23. Ne5 Nxe5 24. fxe5 Nf8 25. f4 dxe4 26. Bg2 Nd7 27. Bxe4
Rec8 28. c4 bxc3 29. bxc3 Nb6 30. Kc2 Nd5 31. Bxd5 cxd5 32. Rb1 Rc4 33. Kd2
Rac8 34. Rgc1 h4 35. Rb3 a4 36. Ra3 Rb8 37. Rh1 Rb2+ 38. Kd3 Rf2 39. Rxh4 Rf3+
40. Ke2 Rfxc3 41. Rxc3 Rxc3 42. Rh1 Rc2+ 43. Kd3 Rxa2 44. Rc1 a3 45. Rc8 Ra1
46. Ra8 a2 47. Kc3 Rc1+ 48. Kb2 Rc4 49. Ra3 Rxd4 50. Rf3 Rd2+ 51. Ka1 d4 52.
Ra3 Rf2 0-1

[Event "17. Europa ch Juvenil - Masculino s16"]
[Site "Sibenik CRO"]
[Date "2007.09.19"]
[Round "6.13"]
[White "Anton, Teodor"]
[Black "Piorun, Kacper"]
[Result "0-1"]
[WhiteElo "2212"]
[BlackElo "2359"]
[PlyCount "62"]
[EventDate "2007.09.14"]
[EventType "swiss"]
[EventRounds "9"]
[EventCountry "CRO"]
[Source "lmi"]
[SourceDate "2007.09.14"]

1. d4 Nf6 2. c4 g6 3. Nc3 Bg7 4. e4 d6 5. h3 O-O 6. Be3 e5 7. d5 Na6 8. g4 Nc5
9. Qc2 a5 10. Nge2 c6 11. Ng3 cxd5 12. cxd5 Bd7 13. Be2 Rc8 14. Rc1 Ne8 15. Qd2
Nc7 16. h4 Rb8 17. h5 b5 18. Nd1 N7a6 19. Bh6 Bxh6 20. Qxh6 Qe7 21. f3 Nb4 22.
Nf2 g5 23. Nd1 Nbd3+ 24. Kd2 Nxc1 25. Ne3 f6 26. Ngf5 Bxf5 27. Nxf5 Qa7 28.
Kxc1 Rbc8 29. Kb1 Qc7 30. a3 b4 31. Ka2 b3+ 0-1

[Event "17. Europa ch Juvenil - Masculino s16"]
[Site "Sibenik CRO"]
[Date "2007.09.19"]
[Round "6.14"]
[White "Leniart, Arkadiusz"]
[Black "Kilpatrick, Callum"]
[Result "1-0"]
[WhiteElo "2357"]
[BlackElo "2120"]
[PlyCount "123"]
[EventDate "2007.09.14"]
[EventType "swiss"]
[EventRounds "9"]
[EventCountry "CRO"]
[Source "lmi"]
[SourceDate "2007.09.14"]

1. e4 e5 2. Nf3 Nc6 3. Bb5 a6 4. Ba4 Nf6 5. O-O Be7 6. Re1 b5 7. Bb3 d6 8. c3
O-O 9. h3 Na5 10. Bc2 c5 11. d4 Qc7 12. d5 Bd7 13. Nbd2 c4 14. Nf1 Nb7 15. N3h2
g6 16. Ng3 h5 17. f4 exf4 18. Bxf4 h4 19. Nh1 Nh5 20. Bh6 Rfe8 21. Nf2 Qd8 22.
Nf3 Bf6 23. Qd2 Nc5 24. Be3 Rc8 25. Bd4 Be5 26. Nxe5 dxe5 27. Be3 f6 28. b3 Nb7
29. a4 cxb3 30. Bxb3 Nd6 31. axb5 Bxb5 32. Ba4 Ng3 33. Bxb5 axb5 34. Ba7 g5 35.
Ra6 Rc4 36. Qd3 Qd7 37. Qf3 Rf8 38. Bb8 Ne8 39. Ng4 Qc8 40. Rxf6 Rxf6 41. Nxf6+
Nxf6 42. Qxf6 Qxb8 43. Qxg5+ Kf7 44. Qxh4 Rxc3 45. Qh7+ Kf6 46. Kh2 b4 47. Ra1
Ra3 48. Rc1 Rc3 49. Ra1 Ra3 50. Rb1 Rd3 51. Qh6+ Ke7 52. Qg7+ Kd8 53. Qh8+ Kc7
54. Qxe5+ Kc8 55. Qe8+ Kc7 56. Qe7+ Kc8 57. Qe8+ Kc7 58. d6+ Rxd6 59. Rc1+ Kb7
60. Qb5+ Rb6 61. Qd7+ Ka6 62. Ra1# 1-0

[Event "17. Europa ch Juvenil - Masculino s16"]
[Site "Sibenik CRO"]
[Date "2007.09.19"]
[Round "6.15"]
[White "Tofil, Borys"]
[Black "Chirila, Ioan Cristian"]
[Result "1/2-1/2"]
[WhiteElo "2148"]
[BlackElo "2345"]
[PlyCount "79"]
[EventDate "2007.09.14"]
[EventType "swiss"]
[EventRounds "9"]
[EventCountry "CRO"]
[Source "lmi"]
[SourceDate "2007.09.14"]

1. e4 c5 2. Nf3 Nc6 3. d4 cxd4 4. Nxd4 Qb6 5. Nb3 Nf6 6. Nc3 e6 7. Qe2 d6 8. g4
a6 9. Be3 Qc7 10. O-O-O b5 11. g5 Nd7 12. f4 Nb6 13. Bg2 b4 14. Nd5 exd5 15.
exd5 Ne7 16. Bd4 Qc4 17. Qxc4 Nxc4 18. Bf1 Bg4 19. Bxc4 Bxd1 20. Rxd1 Nf5 21.
Bf2 h6 22. Bd3 g6 23. Bxf5 gxf5 24. h4 Bg7 25. Nd4 Bxd4 26. Rxd4 a5 27. Rc4 Kd7
28. Bd4 Rh7 29. Bb6 Rc8 30. Rd4 hxg5 31. fxg5 Rch8 32. Rc4 Rxh4 33. Rc7+ Ke8
34. b3 Rh1+ 35. Kb2 f4 36. Rc8+ Ke7 37. Rc7+ Ke8 38. Rc8+ Ke7 39. Rc7+ Ke8 40.
Rc8+ 1/2-1/2

[Event "17. Europa ch Juvenil - Masculino s16"]
[Site "Sibenik CRO"]
[Date "2007.09.19"]
[Round "6.16"]
[White "Hamitevici, Vladimir"]
[Black "Ketzetzis, Georgios"]
[Result "1-0"]
[WhiteElo "2333"]
[BlackElo "2045"]
[PlyCount "61"]
[EventDate "2007.09.14"]
[EventType "swiss"]
[EventRounds "9"]
[EventCountry "CRO"]
[Source "lmi"]
[SourceDate "2007.09.14"]

1. e4 c6 2. d4 d5 3. exd5 cxd5 4. c4 Nf6 5. Nc3 e6 6. Nf3 Be7 7. cxd5 Nxd5 8.
Bd3 Nc6 9. O-O O-O 10. Re1 Nf6 11. a3 b6 12. Bc2 Ba6 13. Bg5 Rc8 14. Qd2 Qc7
15. Rac1 Rfd8 16. Qe3 g6 17. h3 Qd6 18. Ba4 Bb7 19. Bf4 Qd7 20. Rcd1 Re8 21.
Ne5 Qd8 22. Nxf7 Kxf7 23. Qxe6+ Kg7 24. d5 Bc5 25. Qxe8 Nxe8 26. dxc6 Nd6 27.
cxb7 Rb8 28. Re8 Qc7 29. Nd5 Qxb7 30. Re7+ Qxe7 31. Nxe7 1-0

[Event "17. Europa ch Juvenil - Masculino s16"]
[Site "Sibenik CRO"]
[Date "2007.09.19"]
[Round "6.17"]
[White "Soors, Stef"]
[Black "Krejci, Jan"]
[Result "1/2-1/2"]
[WhiteElo "2126"]
[BlackElo "2315"]
[PlyCount "120"]
[EventDate "2007.09.14"]
[EventType "swiss"]
[EventRounds "9"]
[EventCountry "CRO"]
[Source "lmi"]
[SourceDate "2007.09.14"]

1. d4 d5 2. c4 c6 3. Nc3 Nf6 4. e3 e6 5. Bd2 Nbd7 6. Rc1 Be7 7. Nf3 O-O 8. Qc2
a6 9. c5 Qc7 10. Bd3 e5 11. dxe5 Nxe5 12. Nxe5 Qxe5 13. Ne2 Ne4 14. f4 Qf6 15.
Bxe4 dxe4 16. O-O Qg6 17. Ba5 h5 18. Nd4 Bg4 19. Qb3 Bf6 20. Rc4 Rfe8 21. Bc7
Bh3 22. Qc2 Bd7 23. Rd1 Bg4 24. Rd2 Bh4 25. Kf1 Bd8 26. Bxd8 Raxd8 27. Nb3 Rd5
28. Rxd5 cxd5 29. Rb4 Bc8 30. Rb6 Qg4 31. Qe2 Qh4 32. Kg1 g6 33. Na5 Qe7 34.
Nb3 d4 35. Nxd4 Qxc5 36. Rb3 Qc1+ 37. Qf1 Qc5 38. Rc3 Qb4 39. Rb3 Qa4 40. Ra3
Qb4 41. Rb3 Qd6 42. Qc4 b5 43. Qc6 Qxc6 44. Nxc6 Bb7 45. Rc3 Bxc6 46. Rxc6 Rd8
47. Rxa6 Rd1+ 48. Kf2 Rd2+ 49. Kf1 Rxb2 50. Ra3 Kf8 51. Rb3 Rxb3 52. axb3 Ke7
53. Ke2 Kd6 54. Kd2 Kc5 55. Kc3 b4+ 56. Kd2 Kd5 57. Ke2 f6 58. Kf2 h4 59. g3
Ke6 60. gxh4 f5 1/2-1/2

[Event "17. Europa ch Juvenil - Masculino s16"]
[Site "Sibenik CRO"]
[Date "2007.09.19"]
[Round "6.18"]
[White "Huschenbeth, Niclas"]
[Black "Sieciechowicz, Marcin"]
[Result "1-0"]
[WhiteElo "2306"]
[BlackElo "2214"]
[PlyCount "113"]
[EventDate "2007.09.14"]
[EventType "swiss"]
[EventRounds "9"]
[EventCountry "CRO"]
[Source "lmi"]
[SourceDate "2007.09.14"]

1. e4 c5 2. Nf3 d6 3. d4 cxd4 4. Nxd4 Nf6 5. Nc3 a6 6. Bg5 e6 7. f4 Qc7 8. Bxf6
gxf6 9. Qd2 Nc6 10. O-O-O Bd7 11. Be2 h5 12. Kb1 O-O-O 13. Rhf1 Kb8 14. Rf3 Rc8
15. Nb3 Be7 16. Rd3 Na5 17. Nxa5 Qxa5 18. Rxd6 Bc6 19. Rd3 Bb4 20. a3 Be7 21.
Bf3 h4 22. Qe2 Rhg8 23. Qf2 Qc7 24. g3 Rg7 25. Bg2 Rcg8 26. Ne2 e5 27. fxe5
fxe5 28. Nc3 hxg3 29. hxg3 Bh4 30. gxh4 Rxg2 31. Qf5 Rh2 32. h5 Rgg2 33. Rc1
Ka7 34. Rh3 Qd7 35. Rxh2 Qxf5 36. Rxg2 Bxe4 37. Nxe4 Qxe4 38. Rh2 Qf4 39. Rch1
Qh6 40. Rf1 f6 41. Rg1 f5 42. Rg6 Qh7 43. Rh1 f4 44. h6 f3 45. Rg7 Qf5 46. h7
f2 47. Rf1 Qh5 48. Rxf2 e4 49. Rf1 Qh4 50. Rf8 Qh1+ 51. Ka2 e3 52. h8=Q Qd5+
53. b3 e2 54. Ra8+ Kb6 55. Qh6+ Ka5 56. Rg5 b5 57. Rxa6# 1-0

[Event "17. Europa ch Juvenil - Masculino s16"]
[Site "Sibenik CRO"]
[Date "2007.09.19"]
[Round "6.19"]
[White "Blum, Nicolas"]
[Black "Nabaty, Tamir"]
[Result "0-1"]
[WhiteElo "2166"]
[BlackElo "2421"]
[PlyCount "120"]
[EventDate "2007.09.14"]
[EventType "swiss"]
[EventRounds "9"]
[EventCountry "CRO"]
[Source "lmi"]
[SourceDate "2007.09.14"]

1. e4 e5 2. Nf3 Nc6 3. Bb5 f5 4. Nc3 fxe4 5. Nxe4 d5 6. Ng3 Bd6 7. d4 exd4 8.
Nxd4 Nge7 9. Qh5+ g6 10. Qh6 Bd7 11. Nxc6 Bxc6 12. Qg7 Kd7 13. Bxc6+ bxc6 14.
Bg5 Qg8 15. Qxg8 Rhxg8 16. O-O-O Rgf8 17. f3 Nf5 18. Nxf5 Rxf5 19. h4 Rb8 20.
c3 a5 21. Rhe1 Rh8 22. Rd4 h6 23. Bd2 Bg3 24. Re2 h5 25. Bg5 Bd6 26. Kc2 c5 27.
Rd1 c6 28. Rde1 a4 29. Re6 Rg8 30. R1e2 Rf7 31. a3 c4 32. R2e3 Bc5 33. R3e5
Rff8 34. Re2 Re8 35. Rxe8 Rxe8 36. Rxe8 Kxe8 37. Kd2 Be7 38. Bf4 Bxh4 39. Ke3
Bf6 40. Bd6 Kd7 41. Bc5 Ke6 42. Bb6 Kf5 43. Bc7 g5 44. Bb8 Be5 45. Ba7 Bh2 46.
Kf2 Bf4 47. Ke2 Bc1 48. Bc5 g4 49. Kd1 Bf4 50. Ke2 gxf3+ 51. Kxf3 Bc1 52. Ke2
Ke4 53. Kd1 Be3 54. Bd6 Kd3 55. Be7 c5 56. Bf6 d4 57. Bg7 dxc3 58. bxc3 Bd2 59.
Bf8 Bxc3 60. Bxc5 Bb2 0-1

[Event "17. Europa ch Juvenil - Masculino s16"]
[Site "Sibenik CRO"]
[Date "2007.09.19"]
[Round "6.22"]
[White "Bulanov, Dmitri"]
[Black "Orndahl, Markus"]
[Result "1-0"]
[WhiteElo "2220"]
[BlackElo "2078"]
[PlyCount "91"]
[EventDate "2007.09.14"]
[EventType "swiss"]
[EventRounds "9"]
[EventCountry "CRO"]
[Source "lmi"]
[SourceDate "2007.09.14"]

1. e4 c5 2. Nf3 d6 3. d4 cxd4 4. Nxd4 Nf6 5. Nc3 g6 6. Be3 Bg7 7. f3 a6 8. Qd2
Nbd7 9. g4 b5 10. g5 Nh5 11. O-O-O Bb7 12. Be2 Nb6 13. Nb3 Rc8 14. Bd4 O-O 15.
Kb1 Bxd4 16. Qxd4 Nf4 17. Qe3 Nxe2 18. Nxe2 Nc4 19. Qf2 e5 20. h4 Qe7 21. Ng3
a5 22. Nd2 a4 23. a3 Na5 24. Qe3 Qc7 25. c3 Qc5 26. Qe2 Ba6 27. Qe1 Rc7 28.
Ngf1 Bc8 29. Ne3 Be6 30. h5 Rb8 31. Rh2 Nb3 32. Nxb3 axb3 33. Nd5 Bxd5 34. Rxd5
Qc6 35. Rhd2 gxh5 36. Rxd6 Qc4 37. Qe2 Qa4 38. Rd8+ Rxd8 39. Rxd8+ Kg7 40. Qh2
Re7 41. Qxh5 Qa6 42. Rd1 Qg6 43. Qh2 Qe6 44. Rh1 Qg6 45. Ka1 Qd6 46. Qxh7+ 1-0

[Event "17. Europa ch Juvenil - Masculino s16"]
[Site "Sibenik CRO"]
[Date "2007.09.19"]
[Round "6.23"]
[White "Ter Schegget, Bram"]
[Black "Pecha, Tomas"]
[Result "0-1"]
[WhiteElo "2129"]
[BlackElo "2204"]
[PlyCount "84"]
[EventDate "2007.09.14"]
[EventType "swiss"]
[EventRounds "9"]
[EventCountry "CRO"]
[Source "lmi"]
[SourceDate "2007.09.14"]

1. e4 e5 2. Bc4 Nf6 3. d3 c6 4. Nf3 d5 5. Bb3 Bd6 6. Nc3 d4 7. Ne2 Nbd7 8. Ng3
Nc5 9. O-O Nxb3 10. axb3 O-O 11. Bg5 h6 12. Bd2 Ne8 13. Qe1 Qf6 14. Qc1 Bg4 15.
Ne1 g5 16. c3 c5 17. Nc2 Be6 18. c4 Qe7 19. Qe1 b6 20. b4 Rb8 21. b5 Ng7 22. b4
h5 23. bxc5 bxc5 24. Qc1 f6 25. Ra6 h4 26. Ne2 Bc8 27. Ra4 Nh5 28. Na1 Nf4 29.
Bxf4 exf4 30. f3 f5 31. Qd2 h3 32. Nc1 g4 33. Kh1 hxg2+ 34. Qxg2 Rf7 35. Ra2
Rg7 36. Rg1 g3 37. Re2 fxe4 38. dxe4 Rh7 39. Qf1 Qh4 40. Rgg2 Bh3 41. e5 Bxg2+
42. Qxg2 Bxe5 0-1

[Event "17. Europa ch Juvenil - Masculino s16"]
[Site "Sibenik CRO"]
[Date "2007.09.19"]
[Round "6.24"]
[White "Ivanov L, Stojan"]
[Black "Kanmazalp, Ogulcan"]
[Result "0-1"]
[WhiteElo "2149"]
[BlackElo "2093"]
[PlyCount "124"]
[EventDate "2007.09.14"]
[EventType "swiss"]
[EventRounds "9"]
[EventCountry "CRO"]
[Source "lmi"]
[SourceDate "2007.09.14"]

1. e4 c5 2. Nf3 e6 3. d4 cxd4 4. Nxd4 Nf6 5. Nc3 Nc6 6. Ndb5 Bb4 7. a3 Bxc3+ 8.
Nxc3 d5 9. exd5 exd5 10. Bd3 O-O 11. O-O d4 12. Ne2 Bg4 13. Bg5 Qd6 14. Qd2
Bxe2 15. Qxe2 Rfe8 16. Qf3 Ne5 17. Qg3 Qb6 18. Bxf6 Qxf6 19. Rfe1 Nxd3 20. Qxd3
Qb6 21. b3 Rac8 22. h3 g6 23. Rxe8+ Rxe8 24. Rd1 Rc8 25. Qe4 Qc6 26. Qxc6 Rxc6
27. Rd2 b5 28. Kf1 Rc3 29. Ke2 d3+ 30. Rxd3 Rxc2+ 31. Rd2 Rc3 32. Rd3 Rc2+ 33.
Rd2 Rc3 34. Rb2 a5 35. Kd2 b4 36. axb4 axb4 37. Rc2 Rxb3 38. Rc8+ Kg7 39. Kc2
Ra3 40. Kb2 Rd3 41. Kc2 Rd4 42. Rc6 h5 43. Rb6 f6 44. Rc6 g5 45. Kb3 Kg6 46.
Kc2 Rf4 47. f3 Rd4 48. Rc5 g4 49. hxg4 hxg4 50. Rb5 f5 51. fxg4 Rxg4 52. Kd1
Re4 53. Kd2 Kg5 54. Rb8 Kf4 55. Rb5 Kg4 56. Kd3 Rf4 57. Ke3 Kg3 58. Re5 Rf1 59.
Ke2 Rf2+ 60. Ke1 Kxg2 61. Re8 Kf3 62. Rb8 Rb2 0-1

[Event "17. Europa ch Juvenil - Masculino s16"]
[Site "Sibenik CRO"]
[Date "2007.09.19"]
[Round "6.25"]
[White "Arslanov, Shamil"]
[Black "Thorgeirsson, Sverrir"]
[Result "1-0"]
[WhiteElo "2266"]
[BlackElo "2064"]
[PlyCount "81"]
[EventDate "2007.09.14"]
[EventType "swiss"]
[EventRounds "9"]
[EventCountry "CRO"]
[Source "lmi"]
[SourceDate "2007.09.14"]

1. e4 e6 2. d4 d5 3. Nd2 Nf6 4. e5 Nfd7 5. Bd3 c5 6. c3 Nc6 7. Ne2 cxd4 8. cxd4
f6 9. Nf4 Nxd4 10. Qh5+ Ke7 11. exf6+ Nxf6 12. Ng6+ hxg6 13. Qxh8 Kf7 14. Qh4
e5 15. Nf3 Nxf3+ 16. gxf3 Bf5 17. Bxf5 gxf5 18. Bg5 Qa5+ 19. Kf1 Be7 20. Kg2
Rc8 21. Rac1 Rc6 22. Qh8 e4 23. fxe4 fxe4 24. Rxc6 bxc6 25. Qc8 Qb5 26. Rc1 Qe2
27. Qf5 g6 28. Qf4 Qxb2 29. Rxc6 e3 30. Bxf6 Bxf6 31. Rc7+ Ke6 32. Qxe3+ Kd6
33. Qc5+ Ke6 34. Rxa7 Qb1 35. Qe3+ Kf5 36. Rf7 Qb2 37. a4 g5 38. Qf3+ Kg6 39.
Rxf6+ Qxf6 40. Qxf6+ Kxf6 41. a5 1-0